| 000 | 00528nam a2200181Ia 4500 | ||
|---|---|---|---|
| 999 |
_c32037 _d32037 |
||
| 003 | OSt | ||
| 005 | 20200727110940.0 | ||
| 008 | 190216s9999||||xx |||||||||||||| ||und|| | ||
| 020 | _a9788182091306 | ||
| 040 | _coclc | ||
| 082 |
_a512.5 _bCHA/F |
||
| 100 |
_aChakrabarti, Aloknath _93768 |
||
| 245 | 2 |
_aA First Course In Linear Algebra / _c Aloknath Chakrabarti |
|
| 260 |
_bVijay Nicoles, _aChennai: _c2006. |
||
| 300 | _a363p | ||
| 650 | _aMathematics | ||
| 942 |
_cBK _2ddc _h512.5 _iCHA/F _k512.5 _mCHA/F |
||